00399nam a2200157Ia 4500001000500000005001700005008004100022041000800063082001500071100003900086245005700125260000900182300003400191650000800225654000800233511120260306145844.0260306t2016||||xx |||||||||||||| ||spa|| aESP a333.7bA91 aAvellaneda Cusaría, AlfonsoeAUT 0aGestión ambiental y planificación del desarrollo c2016 axxiv, 365 páginas :c24 cm. aGEN aCAN